Los feminismos latinoamericanos y su compleja relación con el Estado: debates actuales /
Sábháilte in:
| Príomhchruthaitheoir: | |
|---|---|
| Rannpháirtithe: | |
| Formáid: | Téacs |
| Clibeanna: |
Cuir clib leis
Níl clibeanna ann, Bí ar an gcéad duine le clib a chur leis an taifead seo!
|
MARC
| LEADER | 00000 a a2200000 04500 | ||
|---|---|---|---|
| 001 | 46484 | ||
| 003 | |||
| 040 | |||
| 100 | |a Matos, Marlise | ||
| 245 | |a Los feminismos latinoamericanos y su compleja relación con el Estado: |b debates actuales / |c Marlise Matos, Clarisse Paradis | ||
| 700 | |a Paradis, Clarisse | ||
| 773 | |g volumen17, número45 ( , 2013), páginas 91-107 | ||
| 999 | |c 27720 |d 27720 | ||
